Влияние финансово-промышленных групп (чеболь) на внешнеполитический курс Южной Кореи; Актуальные проблемы гуманитарных наук

Dades bibliogràfiques
Parent link:Актуальные проблемы гуманитарных наук.— 2008.— С. 313-314
Autor principal: Сигида Ю. С.
Idioma:rus
Publicat: 2008
Matèries:
Format: Capítol de llibre
KOHA link:https://koha.lib.tpu.ru/cgi-bin/koha/opac-detail.pl?biblionumber=186041

MARC

LEADER 00000naa2a2200000 4500
001 186041
005 20231031173414.0
035 |a (RuTPU)RU\TPU\book\201862 
090 |a 186041 
100 |a 20101022d2008 k y0rusy50 ca 
101 0 |a rus 
102 |a RU 
200 1 |a Влияние финансово-промышленных групп (чеболь) на внешнеполитический курс Южной Кореи  |f Ю. С. Сигида 
320 |a Библиогр.: 9 назв. 
463 0 |0 (RuTPU)RU\TPU\book\194420  |t Актуальные проблемы гуманитарных наук  |o сборник научных трудов  |f Томский политехнический университет (ТПУ)   |v С. 313-314  |d 2008  |p 562 с. 
610 1 |a Южная Корея 
610 1 |a финансово-промышленные группы 
610 1 |a чеболь 
610 1 |a внешняя политика 
610 1 |a труды учёных ТПУ 
700 1 |a Сигида  |b Ю. С. 
801 1 |a RU  |b 63413507  |c 20101022 
942 |c BK